000 00631nam a2200229Ia 4500
003 OSt
005 20221007063803.0
006 a|||||r|||| 00| 0
007 ta
008 221006b |||||||| |||| 00| 0 eng d
024 _a15,480
037 _cTextual
040 _aFLL
_cFLL
_beng
041 _2eng
_aeng
082 _aX:413:Z2qN69, M2
100 _aGhosal D.P. Au.
_9684762
245 0 _aLaw relating to motor accident claims
260 _aCalcutta
_bKamal Law house India
_c1982
300 _alvi,401p
_ccm.
942 _hX:413:Z2qN69, M2
_cTEXL
_2CC
999 _c1132188
_d1132188